000 00617nam a2200205Ia 4500
001 3150
003 GE_BSU
008 181216s||||||||xx |||||||||||||| ||und||
040 _cGE_BSU
080 _a665.6(031)
100 _aРудин,М.Г. Драбкин,А.Е.
245 _aКраткий справочник нефтепереработника.
245 _cРед.С.Л.Томарченко
260 _aЛ.
260 _bХимия.
260 _c1980.
300 _a328 стр. с илл. 20 см.
653 _aКраткий справочник нефтепереработника.
942 _cBK
999 _c37194
_d37194